Guerre au Yémen - Statistiques

Statistiques générales
  • Ce quiz a été pris 24 fois
  • Le résultat moyen est 10 sur 15
Statistiques - réponses
Hint Réponse % Correct
Majorité sunnite ou chiite ? sunnite
95%
Pays majeur du MENA qui soutient les Houtis Iran
90%
Pays majeur du MENA qui soutient le gouvernement Arabie-Saoudite
85%
Capitale du Yémen Sanaa
85%
Pays voisin du Yémen à l'Est Oman
80%
Les Houtis entrent en .... dans la capitale 2014
75%
Organisation terroriste présente sur le territoire Al-Qaida
75%
Quelle organisation a déclaré que cette guerre est la pire catastrophe humanitaire du XXIe siècle ? ONU
70%
Date de l'accord de Stockholm pour une trêve 2018
65%
Pourcentage de chiites 40
60%
Plus de 500k morts ? non
60%
Plus de 100k morts ? oui
60%
Date de la rebellion menée par al-Houti 2004
55%
Détroit au Sud-Ouest Bab el Mandeb
50%
En 2011 quel président laisse le pouvoir ? Saleh
20%
Aucun quiz correspondant
Distribution des résultats
% des personnes avec chaque résultat
Percentile par nombre de réponses
Votre historique - résultats
Vous n’avez pas pris ce quiz